| 000 | 00431cam a2200157ua 4500 | ||
|---|---|---|---|
| 041 |
_aeng _h |
||
| 082 |
_a535 _bMUR/WD |
||
| 100 | _aMurthy, Siva Ram C . | ||
| 245 |
_aWDM optical networks: concepts, design and algorithms / _cC Siva Ram Murthy. _hTextual Documents |
||
| 260 |
_a : _bPearson Education Asia , _c2003. |
||
| 300 | _a430 ; . | ||
| 504 | _a | ||
| 700 | 1 | _aGurusamy, Mohan . | |
| 942 | _cBK | ||
| 999 |
_c13350 _d13350 |
||